LEADER 01004nam a2200253 i 4500 001 000000255976 003 CaOOAMICUS 005 20171030000000.0 008 171030s2016 it u000 u ita u 013 $a234884 020 $a978-88-250-4436-2 040 $aSeMil$bita 100 1 $aPallavicini, `Abd al Wahid.$0(OLS)http://semarc/name/47015 245 13$aIl nome di Dio nell'Islam /$cShaykh 'Abd al Wahid Pallavicini. 260 $aPadova :$bMessaggero,$c2016. 300 $a99 p. :$bill. ;$c19 cm. 650 4$aIslamismo.$0(OLS)http://semarc/subject/776 650 4$aDio - Islam - Attributi.$0(OLS)http://semarc/subject/9547 850 $aSeMil 852 $aSeMil$W1$xVenegono$y1$m2R I 142$j206322$B206322$CSeMilBibl$Z2$F220623 $81 961 $aOmaggio: Bressan don Luca 996 $6020$a978-88-250-4436-2$9(OLS)http://semarc/number/280129 996 $6245$aIl nome di Dio nell'Islam$9(OLS)http://semarc/title/412001 996 $6260$aPadova :$bMessaggero$9(OLS)http://semarc/publisher/29786 LEADER 00985nam a2200229 i 4500 001 000000124837 003 CaOOAMICUS 005 20040331000000.0 008 040331s1934 be u000 u fre u 013 $a97534 040 $aSeMil$bita 100 1 $aDelehaye, Hippolyte .$0(OLS)http://semarc/name/90863 245 10$aCinq leçons sur la méthode hagiographique /$cpar Hippolyte Delehaye. 260 $aBruxelles :$bSociété des Bollandistes,$c1934. 300 $a146 p. ;$c26 cm. 490 0 $aSubsidia hagiographica ;$v21 650 4$aAgiografia - Metodologia.$0(OLS)http://semarc/subject/9443 830 0$aSubsidia hagiographica ;$v21.$0(OLS)http://semarc/title/570 850 $aSeMil 852 $aSeMil$W1$xVenegono$y1$mSL1.S II 21$j79352$B79352$CSeMilBibl$Z2$F81516 $8I 996 $6245$aCinq leçons sur la méthode hagiographique$9(OLS)http://semarc/title/183757 996 $6260$aBruxelles :$bSociété des Bollandistes$9(OLS)http://semarc/publisher/29839